Statistics for what are the most fun pets for kids

Click here to take the quiz!

General Stats

  • This quiz has been taken 94 times
  • The average score is 10 of 11

Answer Stats

HintAnswer% Correct
furry loyal and respet their owners and like to go on walksdog
100%
stays in a cage and flies aroundbird
97%
love to hop around AND DELIVER YOUR EASTER EGGSrabbit
97%
like to stay outside and climb treescat
96%
swims all day and all night with gold scalesfish
96%
small and squeeky super cute really small and love cheese and to run on a wheel in a cagemouse
95%
its small and furry that sleeps at day and comes out at nigh they like to run about in a ballhamster
92%
larger than a mouse with the same instinctsrat
91%
lons and scaley with a long toung and like to eat micesnake
91%
scaley with legs and is kept in a heated tank and like to eat cricketslizard
87%
like a pig but realy not there smaller than a rabbit and like to eat a lotguinea pig
76%

Score Distribution

Percentile by Number Answered

Percent of People with Each Score

Your Score History

You have not taken this quiz